| 000 | 00522nam a2200181 a 4500 | ||
|---|---|---|---|
| 001 | 2484 | ||
| 003 | CDMR | ||
| 005 | 20131022121858.0 | ||
| 008 | 130130s1961||||||||||||||||||||||||||||d | ||
| 040 |
_aCDMR _bcat _cCDMR |
||
| 100 | 1 |
_aJeanne, René _91862 |
|
| 245 | 1 | 3 |
_aLe cinéma et la presse _b: 1895-1960 _cpar René Jeanne et Charles Ford |
| 260 |
_aParis _c1961 _bArmand Colin |
||
| 490 | 0 |
_aKioske _v14 |
|
| 650 | 0 | 4 |
_93454 _aCinematografia _vHistòria i crítica |
| 650 | 0 | 4 |
_93706 _aPeriodisme audiovisual |
| 942 |
_cMON _2udc |
||
| 999 |
_c2484 _d2484 |
||